| 000 | 01032nam a2200253Ia 4500 | ||
|---|---|---|---|
| 999 |
_c39339 _d39339 |
||
| 001 | 5925 | ||
| 003 | GE_BSU | ||
| 005 | 20190823102708.0 | ||
| 008 | 181216s1971||||ge |||||||||||||| ||geo|| | ||
| 040 | _cGE_BSU | ||
| 041 | _ageo | ||
| 080 | _a821.353.1-92 ა-13 | ||
| 100 |
_aაბაშიძე, ირაკლი _93740 |
||
| 245 |
_aსიტყვები, გზები, სახეები : _bწერილები და სიტყვები / _cირაკლი აბაშიძე ; რედ. დავით ჩხიკვიშვილი. |
||
| 264 |
_aთბილისი : _bსაბჭოთა საქართველო ; _c1971. |
||
| 300 |
_a547 გვ.; _c20 სმ. |
||
| 653 | _aსიტყვები | ||
| 653 | _aგზები | ||
| 653 | _aსახეები | ||
| 653 | _aწერილები | ||
| 653 | _a სიტყვები | ||
| 700 |
_aჩხიკვიშვილი, დავით _eრედაქტორი _91455 |
||
| 942 |
_cBK _2udc |
||